| 000 | 00416nam a2200169Ia 4500 | ||
|---|---|---|---|
| 005 | 20250423095214.0 | ||
| 008 | 250422s9999 xx 000 0 und d | ||
| 020 | _a0-8160-2264 | ||
| 050 | _aHC 59.7 .K87/ | ||
| 245 | 0 | _aEncyclopedia of the Third World | |
| 260 | _a0816022631 | ||
| 260 | _bFacts on File | ||
| 260 | _c1992 | ||
| 300 | _a2363 p | ||
| 650 | _aDeveloping countries--Encyclopedias. | ||
| 942 | _cBK | ||
| 999 |
_c29567 _d29567 |
||